| 000 | 00524nam a2200193Ia 4500 | ||
|---|---|---|---|
| 005 | 20250508154357.0 | ||
| 008 | 008 250505s9999 xx 000 0 eng d | ||
| 037 | _aTextual | ||
| 040 |
_aFEDL _beng _cFEDL |
||
| 041 |
_aeng _2eng |
||
| 084 |
_a334.9, DIG _qFEDL |
||
| 100 | _aDigby Margaret | ||
| 245 | 0 | _aWorld co-operative movement | |
| 260 |
_aLondon, UK _bHutchinson's University Library _c1960 |
||
| 300 | _a192p. | ||
| 650 | _aEconomics | ||
| 942 |
_cTEXL _h334.9, DIG |
||
| 999 |
_c1349813 _d1349813 |
||